Marx, a gondolkodó

Elmentve itt :
Bibliográfiai részletek
Szerző: Adler, Max
Adatforrás:Philobibl
Dokumentumtípus: Könyv
Nyelv:magyar
Megjelent: Bp. Népszava 1923
LEADER 00309nam a2200121 c 4500
001 bibDOK00006281
005 20200924120224.1
008 060518s1923 hu hun
100 1 |a Adler, Max 
245 1 0 |a Marx, a gondolkodó  |c Adler, Max 
260 |a Bp.  |b Népszava  |c 1923 
300 |a 149 p. 
500 |a Takács Mária (ford.)